000
00295nam a22001217a 4500
999
_c
13773
_d
13773
020
_a
978-1855550056
082
_a
954
100
_a
Salem Azzam
245
_a
Shaheed.Ul.Islam Muhammad Zia-Ul.Haq
260
_a
London
_b
Indus Thames Publishers Limited
_c
1990
300
_a
240 pages
942
_c
BK